Statistics for Top 10 Countries with the Most Cats

Click here to take the quiz!

General Stats

  • This quiz has been taken 33 times
  • The average score is 8 of 10

Answer Stats

HintAnswer% Correct
2 (53)China
100%
1 (76.5)United States of America
97%
T-5 (9.5)Italy
94%
T-5 (9.5)France
91%
T-7 (7.75)Germany
91%
3 (12.75)Russia
91%
10 (7.25)Japan
81%
4 (12.5)Brazil
78%
9 (7.5)Ukraine
53%
T-7 (7.75)United Kindom
53%

Score Distribution

Percentile by Number Answered

Percent of People with Each Score

Your Score History

You have not taken this quiz